[Event "Hokkaido Chess Championship 2025"]
[Site "?"]
[Date "2025.03.22"]
[Round "3.7"]
[White "Nakamura, Mitsuru"]
[Black "Ito, Katsuhide"]
[Result "1-0"]
[WhiteElo "1603"]
[BlackElo "1389"]
[Annotator "Fritz 11 SE (30s)"]
[PlyCount "93"]
[EventDate "2025.03.22"]
[EventRounds "5"]
[EventCountry "JPN"]

{D08: Albin Counter Gambit} 1. d4 d5 2. c4 e5 3. dxe5 d4 4. Nf3 Nc6 5. a3 Bg4
6. Nbd2 Nge7 7. b4 $146 (7. Nb3 Nf5 8. Qd3 Qd7 9. g3 a5 10. Bf4 h6 11. Rd1
O-O-O 12. h4 a4 13. Nbd2 Nfe7 14. Bg2 Bf5 15. Ne4 Ng6 16. h5 Nxf4 17. gxf4 Kb8
18. Nh4 Bg4 19. Ng3 Qe8 20. Nhf5 Bxf5 21. Qxf5 g5 {Nikologorskiy,K (2414)
-Babikov,I (2279) Moscow 2015 1-0 (48)}) (7. h3 Bf5 (7... Bxf3 8. Nxf3 Ng6 9.
e3 (9. Qb3 Qd7 10. Qxb7 Rb8 11. Qa6 Be7 12. b4 Ncxe5 13. Nxe5 Nxe5 14. c5 O-O
15. f4 Bh4+ 16. Kd1 Qd5 17. Kc2 Nc4 18. e4 Qxe4+ 19. Kb3 Ne3 20. Bxe3 dxe3 21.
Qc4 Rfe8 22. Be2 Qxg2 23. Rad1 Bf2 {Neuman,P (2471)-Konrad,E (2203) Aschach
2012 1-0 (35)}) 9... Ngxe5 10. Nxe5 Nxe5 11. exd4 Nc6 12. Be3 Be7 13. Be2 Bf6
14. d5 Ne5 15. O-O O-O 16. Qc2 Re8 17. Rac1 b6 18. Rfd1 Bg5 19. Bxg5 Qxg5 20.
Rd4 Ng6 21. Qd2 Qf6 22. Bf1 {Willumsen,H (2200)-Brautsch,S (2200) Aars 1984
1-0 (44)}) 8. Nb3 Be6 9. Nbxd4 Bxc4 10. b3 Bd5 11. Bb2 Nxd4 12. Nxd4 c5 13. e4
Bxe4 14. Nb5 Nc6 15. Qg4 Bc2 16. Bc4 a6 17. Qf4 Bg6 18. e6 axb5 19. exf7+ Ke7
20. Qe3+ Kd7 21. O-O-O+ Bd6 {Miroshnichenko,E (2680)-Chos,A (2324) Alushta
2009 1-0 (31)}) 7... Ng6 {Black threatens to win material: Ng6xe5} 8. Bb2 Ncxe5
(8... Qe7 9. Qc2 $14) 9. Nxe5 (9. Bxd4 $5 f6 10. e3 $16) 9... Nxe5 $11 {
White has a cramped position. White's piece can't move: f1} 10. Qb3 b6 $2 (
10... Qd7 $142 $11 {would keep Black in the game}) 11. Qg3 $18 Bd6 12. Qb3 $4 {
simply marches past the door to victory} (12. f4 $142 {White would have gained
the upper hand} Be7 13. h4 $18 (13. fxe5 $4 {the knight is invulnerable} Bh4
$19)) 12... O-O $17 13. Bxd4 c5 (13... Bxb4 14. Qb2 Nc6 15. axb4 Qxd4 16. Qxd4
Nxd4 17. Ra2 $17) 14. Bb2 (14. Bxe5 Bxe5 15. Rd1 $15) 14... a5 (14... Qe7 15.
h3 Be6 16. b5 $15) 15. b5 {White wins space} (15. Ne4 Bc7 (15... cxb4 $2 {
is worthless because of} 16. Rd1 Nxc4 17. Bxg7 Kxg7 18. Qxc4 $18) 16. bxc5 bxc5
$15) 15... a4 (15... Qe7 16. h3 Bc8 17. e4 $15) 16. Qc2 (16. Qc3 f6 $11) 16...
Qd7 (16... Qe7 17. g3 Rad8 18. O-O-O $11) 17. g3 (17. h3 Be6 18. O-O-O f6 $16)
17... Bf5 {Black threatens to win material: Bf5xc2} (17... Rae8 18. O-O-O Bf5
19. Qc3 $11) 18. Qc3 (18. e4 Rfe8 19. Bg2 Rad8 $14) 18... Rfe8 (18... Qb7 $142
19. f3 Rae8 $14) 19. Bg2 $4 {throws away the game} (19. O-O-O $142 $14 {
would be a reprieve}) 19... Nd3+ $19 20. Kf1 Nxb2 (20... Be5 $142 {and Black
takes home the point} 21. Bc6 Qe6 (21... Bxc3 22. Bxd7 Bxd7 23. Bxc3 Bh3+ 24.
Kg1 Rxe2 25. Nf3 $19) (21... Nxb2 $143 22. Qe3 Bh3+ 23. Kg1 $19) 22. exd3 Bh3+
23. Bg2 Bxc3 24. Bxc3 Rad8 $19) 21. Bxa8 $17 Rxa8 (21... Be5 $142 22. Qf3 Nxc4
(22... Qxd2 $6 23. Qxf5 Nxc4 24. Bc6 $15) 23. Nxc4 Bh3+ 24. Kg1 Bxa1 $19) 22.
Qxb2 $14 {White wins the exchange} Re8 23. Re1 $4 {a transit from better to
worse} (23. Nf3 $142 {is a viable option} Be7 24. Qd2 Bh3+ 25. Ke1 $11) 23...
Bh3+ $17 24. Kg1 Be5 $4 {Black threatens to win material: Be5xb2. there were
better ways to keep up the pressure} (24... Qg4 $142 25. f3 Qg5 $17) 25. Qc2
$16 Qb7 26. f3 $4 {overlooking an easy win} (26. e4 $142 $16) 26... Bd4+ 27. e3
Bxe3+ (27... Rxe3 28. Qxh7+ Kxh7 29. Kf2 Qe7 30. Ne4 Rxe4+ 31. Re3 Rxe3 32. g4
Qe5 33. Rd1 Qxh2#) 28. Rxe3 $19 Rxe3 29. Kf2 Qe7 (29... Rxa3 $5 30. Qe4 Qc8 31.
Rd1 $19) 30. Ne4 $17 Rxa3 31. Re1 Qe5 $4 {Black is ruining his position} (31...
Qd7 $142 32. Nd6 Be6 $19) 32. Nf6+ $18 gxf6 33. Rxe5 fxe5 34. Qb2 (34. g4 $142
{might be the shorter path} Rb3 35. Qd1 $18) 34... Rb3 $16 35. Qxe5 Be6 36.
Qb8+ {White forks: b6} (36. f4 $142 h6 37. f5 Bxc4 38. Qf4 Rb2+ 39. Ke3 Rb3+
40. Kd2 Rd3+ 41. Kc2 $16) 36... Kg7 $11 37. Qxb6 Bxc4 $2 (37... a3 $142 $11 {
would allow Black to play on}) 38. Qxc5 $16 Rb2+ (38... Bxb5 $142 $5 39. Qg5+
Kf8 $16) 39. Ke3 $18 Rb3+ 40. Kf4 Bxb5 41. h4 (41. Qe5+ $142 Kf8 42. Kg5 $18)
41... Be2 $4 {terrible, but the game is lost in any case} (41... h6 42. Qd4+
Kg8 43. Ke5 $18) 42. Qd4+ (42. Qe5+ {makes it even easier for White} Kf8 43.
Qxe2 Rb4+ 44. Kg5 Rb6 $18) 42... Kg8 $4 {Black falls apart} (42... f6 43. Qd7+
(43. Qxa4 $6 Rxf3+ 44. Ke4 Rxg3 45. Qd7+ Kg6 $18) 43... Kf8 44. Ke4 $18) 43.
Qxa4 (43. Kg5 $142 {and White has prevailed} Rd3 44. Qb6 f6+ 45. Qxf6 Rxf3 46.
Qe6+ Kg7 47. Qe7+ Rf7 48. Qe5+ Kf8 49. Qxe2 $18) 43... Rxf3+ 44. Ke4 Rxg3 $4 {
Black has lost his nerve... understandable when you consider his position.} (
44... Rf6 $142 $18) 45. Qe8+ Kg7 46. Qe5+ Kg6 (46... Kg8 {does not help much}
47. Qxg3+ Kf8 48. Kf5 Bf3 49. Kf6 Bc6 50. Qd6+ Kg8 51. Qd8+ Be8 52. Qxe8#) 47.
Qxg3+ (47. Qxg3+ Bg4 48. Qxg4+ Kf6 49. Kd5 Ke7 50. Qg7 h5 51. Qg8 f6 52. Qg7+
Kd8 53. Kd6 f5 54. Qd7#) 1-0

[Event "Hokkaido Chess Championship 2025"]
[Site "?"]
[Date "2025.03.22"]
[Round "3.8"]
[White "Shishido, Kenta"]
[Black "Ono, Yukiko"]
[Result "1-0"]
[WhiteElo "1431"]
[BlackElo "1000"]
[Annotator "Fritz 11 SE (30s)"]
[PlyCount "39"]
[EventDate "2025.03.22"]
[EventRounds "5"]
[EventCountry "JPN"]

{C64: Ruy Lopez: Classical Defence (3...Bc5) except 4 0-0 Nf6} 1. e4 e5 2. Nf3
Nc6 3. Bb5 Nf6 4. O-O Bc5 5. Re1 O-O (5... Ng4 6. Re2 Nd4 7. Nxd4 Bxd4 8. h3
Nxf2 9. Rxf2 O-O (9... Bxf2+ 10. Kxf2 Qf6+ 11. Ke2 Qg6 12. Qf1 Qxe4+ 13. Kd1 c6
14. Be2 d5 15. d3 Qf5 16. Qxf5 Bxf5 17. Nc3 O-O 18. Ke1 Bg6 19. Bg5 h6 20. Bh4
f5 21. Kd2 Bf7 22. Rf1 g5 23. Bf2 Bg6 24. Bc5 {Brkic,M (2256)-Maric,S (2185)
Gorazde 2008 0-1 (43)}) 10. c3 Bxf2+ 11. Kxf2 Qf6+ 12. Ke2 Qg6 13. Qf1 Qxe4+
14. Kd1 d5 15. d3 Qg6 16. Nd2 c5 17. Nf3 e4 18. dxe4 dxe4 19. Ne1 Rd8+ 20. Ke2
{Zapata,A (2510)-Gulko,B (2565) Amsterdam 1987 0-1 (33)}) 6. c3 d6 7. h3 d5
$146 (7... Bb6 8. d3 h6 9. Nbd2 Ne7 10. Nc4 c6 11. Nxb6 axb6 12. Ba4 Be6 13. a3
Ng6 14. Bc2 Qc7 15. d4 c5 16. Be3 Rad8 17. d5 Bd7 18. Nh2 Qc8 19. g4 Rde8 20.
Qd2 Nh7 21. Nf1 Qd8 22. Ng3 {Rybak,T (2262)-Pinkas,K (2302) Wysowa 2007 0-1 
(43)}) (7... h6 8. d4 Bb6 9. Be3 Bd7 10. dxe5 dxe5 11. Nbd2 Qe7 12. Bf1 Bxe3
13. Rxe3 a5 14. Qc2 Qc5 15. Ne1 Be6 16. a3 a4 17. Nd3 Qe7 18. Nb4 Na5 19. c4 c6
20. Rae1 Rfd8 21. Nf3 Qc7 22. Rc3 {Agnello,A (2227)-Lima,D (2533) Mallorca
2004 0-1 (50)}) 8. Bxc6 (8. exd5 Nxd5 (8... Qxd5 $143 9. Bxc6 Qxc6 10. Nxe5 $16
) 9. Bxc6 bxc6 10. Nxe5 f6 11. Nxc6 Qd6 $16) 8... bxc6 9. exd5 (9. d4 exd4 10.
e5 $11) 9... cxd5 (9... e4 $142 $5 {is the best option Black has} 10. d4 Bd6
$11) 10. Nxe5 $14 {Black has the pair of bishops.} Ne4 11. d4 Be7 $4 (11... Qh4
$142 {had to be tried to avoid defeat} 12. Be3 Bd6 $14) 12. Nc6 $18 Qd7 13.
Nxe7+ Qxe7 14. f3 f5 15. fxe4 (15. c4 {might be the shorter path} Qd6 16. fxe4
fxe4 $18) 15... fxe4 16. Be3 (16. c4 {and White can already relax} Bxh3 17.
gxh3 Qh4 $18) 16... Ba6 $2 (16... Bxh3 $142 17. Qh5 Be6 $18) 17. Nd2 Qd6 18.
Qg4 (18. c4 {makes it even easier for White} Rae8 $18) 18... Rf7 (18... Bd3 19.
c4 $1 $18 {Deflection: e4}) 19. b3 (19. c4 $142 $5 {seems even better} Bc8 20.
Qh5 Be6 $18) 19... h6 (19... Bd3 $18) 20. c4 1-0

[Event "Hokkaido Chess Championship 2025"]
[Site "?"]
[Date "2025.03.23"]
[Round "4.1"]
[White "Dryglas, Maciej"]
[Black "Etabag, John Vincent"]
[Result "1-0"]
[WhiteElo "2135"]
[BlackElo "1821"]
[Annotator "Fritz 11 SE (30s)"]
[PlyCount "109"]
[EventDate "2025.03.22"]
[EventRounds "5"]
[EventCountry "JPN"]

{D05: Colle System with ...e6} 1. d4 Nf6 2. Nf3 d5 3. e3 e6 4. Bd3 c5 5. b3 Nc6
6. a3 cxd4 (6... Be7 7. Nbd2 O-O 8. Bb2 b6 9. O-O Bb7 10. Re1 Rc8 11. dxc5 bxc5
12. e4 d4 13. Nc4 Qc7 14. Rc1 Rfd8 15. c3 dxc3 16. Bxc3 Qb8 17. Qc2 h6 18. Qe2
Ba8 19. Rb1 Nd7 20. Red1 Nb6 21. e5 {Hertneck,G (2595)-Zude,A (2430) Germany
1995 1/2-1/2 (66)}) 7. exd4 Bd6 8. O-O (8. Bb2 O-O 9. O-O b6 10. Ne5 Ne7 11.
Nd2 Bb7 12. Qe2 Ng6 13. f4 Rc8 14. Rae1 Qc7 15. Qf3 Ne4 16. Qe2 Nc3 17. Qh5 Ne4
18. Bc1 Qc3 19. Ndf3 Rc7 20. Be3 Rfc8 21. Bxe4 dxe4 22. Ng5 h6 {Stefanova,A 
(2489)-Zhukova,N (2459) Khanty-Mansiysk 2014 1-0 (38)}) 8... O-O 9. Re1 $146 (
9. Qe2 b6 10. Bb2 Bb7 11. Nbd2 Rc8 12. Ne5 Ne8 13. f4 g6 14. Rf3 Kh8 15. Rh3
Ng7 16. Rd1 {0-1 (16) Cherednichenko,S (2279)-Kveinys,A (2512) Reykjavik 2012})
9... h6 {Covers g5} 10. Bb2 a5 (10... b6 11. c4 $11) 11. Nbd2 (11. c4 b6 $16)
11... b6 12. Ne5 Ne7 13. Ndf3 (13. c4 Bb7 $14) 13... Ba6 (13... Bb7 14. Qe2 $11
) 14. c4 $14 a4 15. bxa4 dxc4 16. Nxc4 Bxc4 17. Bxc4 Nfd5 18. Ne5 Rc8 19. Qb3
Bxe5 20. dxe5 (20. Rxe5 $6 Nc6 21. Rxd5 exd5 22. Bxd5 Na5 $15) 20... Nc6 21.
Qg3 Nd4 22. Rac1 (22. Bxd4 $6 Rxc4 23. Be3 Kh8 $11 (23... Rxa4 $2 {leads to
nothing} 24. Bxh6 g6 25. Qb3 $18) (23... Nxe3 $6 24. Qxe3 Rxa4 25. Rad1 $11))
22... Nf5 23. Qf3 Nfe7 24. Bd3 Ng6 25. g3 Qg5 26. Qe4 h5 (26... Qd2 27. Qd4 $16
) 27. Rcd1 (27. h4 $142 Qh6 28. Red1 $18) 27... Ndf4 $2 (27... h4 $142 $16) 28.
Bc1 $18 Nh3+ (28... Rxc1 29. Rxc1 Nxd3 30. Qxd3 Nxe5 31. Qe3 Qxe3 32. Rxe3 $18
(32. fxe3 $6 Nd3 $11)) 29. Kg2 Rxc1 (29... Qg4 30. Be3 $18) 30. Rxc1 (30. Kxh3
$6 {is clearly weaker} Qg4+ 31. Kg2 Rxd1 32. Qxg4 hxg4 33. Rxd1 Nxe5 $11) 30...
Nhf4+ 31. Kh1 Nh3 (31... Nxd3 32. Qxd3 h4 $18) 32. Qg2 {White threatens to win
material: Qg2xh3} (32. Rc2 $142 {keeps an even firmer grip} h4 $18) 32... Nhf4
$4 (32... Ngf4 $142 {would hold out} 33. gxf4 Qxg2+ 34. Kxg2 Nxf4+ 35. Kf3 Nxd3
$11) 33. Qf3 (33. Qf1 {seems even better} Nxd3 34. Qxd3 Rd8 $18) 33... Nh3 (
33... Nxd3 34. Qxd3 Nxe5 35. Qb5 $18) 34. Bf1 Qg4 (34... Nxe5 35. Qe2 Nd3 36.
Bxh3 Nxc1 37. Qc2 $18) 35. Qg2 Ng5 36. f4 Nh7 37. Qe2 (37. Be2 {and White can
already relax} Qf5 $18) 37... Qf5 (37... Ne7 {doesn't change the outcome of
the game} 38. Qxg4 hxg4 39. Bg2 $18) 38. Qe4 Qg4 39. Rc3 h4 40. h3 Qf5 41. Qxf5
exf5 42. Kg2 hxg3 (42... Rd8 {is no salvation} 43. Rb1 Nhf8 44. Rxb6 $18) 43.
Kxg3 Ra8 44. Bb5 Nhf8 45. Rec1 Kh7 (45... Rd8 {is not much help} 46. Rc8 Rd2
47. Bc4 $18) 46. Rc8 Rxc8 47. Rxc8 Ne6 48. Rc4 (48. Bd3 $5 {makes it even
easier for White} Nexf4 49. Bxf5 Kh6 $18) 48... Ne7 49. Bd7 Nc5 50. Rxc5 (50.
a5 $142 $5 {keeps an even firmer grip} g5 51. fxg5 Kg6 $18) 50... bxc5 51. a5
Kg6 (51... c4 $18 {desperation}) 52. a6 Nd5 53. a7 Nb6 (53... Nc7 $18 {a last
effort to resist the inevitable}) 54. Bc6 c4 55. Kf3 (55. Kf3 c3 56. Ke2 $18)
1-0

[Event "Hokkaido Chess Championship 2025"]
[Site "?"]
[Date "2025.03.23"]
[Round "4.2"]
[White "Kawamura, Takuto"]
[Black "Yoshii, Yukihiko"]
[Result "1-0"]
[WhiteElo "1745"]
[BlackElo "1771"]
[Annotator "Fritz 11 SE (30s)"]
[PlyCount "47"]
[EventDate "2025.03.22"]
[EventRounds "5"]
[EventCountry "JPN"]

{E08: Closed Catalan: Main Line: 7 Qc2} 1. d4 d5 2. c4 e6 3. Nf3 Nf6 4. g3 Be7
5. Bg2 Nbd7 6. Qc2 c6 7. O-O O-O 8. b3 h6 (8... a5 9. Nbd2 b6 10. e4 Bb7 11.
Bb2 Rc8 12. Rfe1 Qc7 13. Rad1 Rfd8 14. Qb1 Qb8 15. Ng5 dxc4 16. Nxc4 {1/2-1/2 
(16) Sosonko,G (2450)-Petrosian,T (2640) Nice 1974}) (8... dxc4 9. Qxc4 Qa5 10.
Bb2 Bd6 11. Nbd2 e5 12. Qc2 Qc7 13. Nc4 exd4 14. Nxd4 Nb6 15. Nxd6 Qxd6 16.
Rad1 Qe7 17. Nf5 Bxf5 18. Qxf5 Rad8 19. e4 Rxd1 20. Rxd1 Rd8 21. Rxd8+ Qxd8 22.
Qa5 Qd1+ 23. Bf1 {Ebner,H (2300)-Laschet,E (2275) Frohnleiten 1998 1/2-1/2 (51)
}) 9. Ba3 $146 (9. Bb2 b6 10. Nbd2 Bb7 11. Rac1 c5 12. Qb1 dxc4 13. Nxc4 b5 14.
Ncd2 Qb6 15. Rfd1 {1/2-1/2 (15) Jasnikowski,Z (2440)-Robak,Z (2350) Augustow
1996}) (9. Nc3 b6 $14) 9... Bxa3 $11 10. Nxa3 Qc7 11. Qb2 Ne4 (11... b6 12.
Rac1 $11) 12. Rac1 $14 a6 {Consolidates b5} 13. Nc2 Re8 14. Nce1 (14. Ne3 Qd8
$16) 14... f6 {Controls e5+g5} (14... a5 15. Nd2 Nxd2 16. Qxd2 $14) 15. Nd3 $16
Qd6 16. Rfd1 Nf8 17. e3 Ng6 18. Qc2 Ne7 19. Nf4 Bd7 20. Bh3 Kf7 21. cxd5 (21.
Nd2 Ng5 22. Bg4 e5 23. Bh5+ Kg8 24. Bxe8 Rxe8 $16) 21... exd5 (21... cxd5 22.
Nd2 Ng5 23. Bg2 $14) 22. Bxd7 (22. Ne5+ $1 fxe5 23. dxe5 Qxe5 24. Bxd7 $14)
22... Qxd7 $11 23. Nd3 Rab8 $4 {throws away a nice position} (23... Nf5 $142
$11 {is the best chance}) 24. Nfe5+ $1 $18 {the death sentence} (24. Nfe5+ fxe5
25. Nxe5+ Ke6 26. Nxd7 Kxd7 27. f3 $18) 1-0

[Event "Hokkaido Chess Championship 2025"]
[Site "?"]
[Date "2025.03.23"]
[Round "4.3"]
[White "Honda, Yoshiki"]
[Black "Nakamura, Mitsuru"]
[Result "1-0"]
[WhiteElo "1828"]
[BlackElo "1603"]
[Annotator "Fritz 11 SE (30s)"]
[PlyCount "39"]
[EventDate "2025.03.22"]
[EventRounds "5"]
[EventCountry "JPN"]

{C47: Scotch Four Knights and Four Knights with 4 g3} 1. e4 e5 2. Nf3 Nc6 3. d4
exd4 4. Nxd4 Nf6 5. Nc3 Bb4 6. Nxc6 bxc6 7. Bd3 O-O 8. O-O h6 9. e5 (9. Bd2 Re8
10. Re1 d6 11. a3 Bc5 12. Be3 Bxe3 13. Rxe3 a5 14. h3 Ba6 15. Rb1 Bxd3 16. Qxd3
Nd7 17. Qe2 Qf6 18. Qf3 Qxf3 19. Rxf3 Nf6 20. Re3 Rab8 21. b3 c5 22. Kf1 a4 23.
Nxa4 Rxe4 {Tamin,U (2151)-Sutarno (2251) Jakarta 2013 1/2-1/2}) 9... Bxc3 10.
bxc3 Nd5 $146 (10... Nh7 11. Qh5 Re8 12. Bxh6 gxh6 13. Qxh6 Nf8 14. f4 Re6 15.
Qh5 Rg6 16. Bxg6 fxg6 17. Qg4 Qe7 18. f5 Qxe5 19. Rae1 Qc5+ 20. Kh1 d6 21. Re7
Bxf5 22. Qg5 Qxc3 23. h4 Bxc2 24. Rff7 Ne6 25. Qh6 {Pomar Salamanca,A (2425)
-Westerinen,H (2465) Nice 1974 1/2-1/2}) 11. Qh5 (11. c4 $142 Nb4 12. Rb1 $16)
11... Ne7 $2 (11... d6 $142 $5 $14 {should be examined more closely}) 12. Re1
Rb8 $2 (12... a5 $142 $16) 13. Bxh6 $1 $18 {Boing!} gxh6 (13... Ng6 14. Bg5 Qe8
$18) 14. Qxh6 Ng6 (14... f5 15. exf6 Rxf6 16. Qxf6 Qf8 17. Bh7+ Kxh7 18. Qxf8
Ng6 19. Qf7+ Kh6 $18) 15. Bxg6 fxg6 16. Qxg6+ Kh8 17. Re3 (17. Qh6+ Kg8 18. Re3
$18) 17... d5 $4 (17... Qh4 18. Kh1 d5 $18 (18... Rxf2 $2 {doesn't solve
anything} 19. Rg3 Qxg3 20. Qxg3 $18)) 18. e6 (18. Qh5+ Kg8 19. Rg3+ Bg4 20.
Rxg4+ Qg5 21. Rxg5#) 18... Bxe6 (18... Qh4 {a fruitless try to alter the
course of the game} 19. Rg3 Qh7 20. e7 $18) 19. Qxe6 (19. Qh6+ Kg8 20. Rg3+ Bg4
21. Rxg4+ Qg5 22. Rxg5+ Kf7 23. Re1 Rfe8 24. Qg7#) 19... Qf6 (19... Rf6 {
does not win a prize} 20. Rh3+ Kg7 21. Rg3+ Kh7 22. Qe5 $18) 20. Qh3+ (20. Qh3+
Kg8 21. Rg3+ Qg7 22. Rxg7+ Kxg7 23. Qg4+ Kf6 24. Qd7 $18) 1-0

[Event "Hokkaido Chess Championship 2025"]
[Site "?"]
[Date "2025.03.23"]
[Round "4.4"]
[White "kuramoto, koutarou"]
[Black "Shishido, Kenta"]
[Result "1-0"]
[WhiteElo "1757"]
[BlackElo "1431"]
[Annotator "Fritz 11 SE (30s)"]
[PlyCount "63"]
[EventDate "2025.03.22"]
[EventRounds "5"]
[EventCountry "JPN"]

{A47: 1 d4 Nf6 2 Nf3 b6: Torre, London and Colle Systems} 1. d4 Nf6 2. Bf4 e6
3. Nf3 b6 4. e3 Bb7 5. Nbd2 d6 6. Bd3 Nbd7 7. h3 (7. Qe2 Nd5 8. c3 Nxf4 9. exf4
g6 10. h4 Nf6 11. Ne4 Bg7 12. g3 Qd7 13. a4 O-O 14. Nxf6+ Bxf6 15. Be4 c5 16.
O-O cxd4 17. cxd4 Rac8 18. a5 Bxe4 19. Qxe4 Qb5 20. axb6 axb6 21. Rfd1 Rc4 {
Stripunsky,A (2563)-Benjamin,J (2552) ICC INT 2011 1/2-1/2 (76)}) 7... Be7 (
7... Qe7 8. Bg3 g6 9. O-O Bg7 10. a4 a6 11. a5 b5 12. c4 e5 13. dxe5 dxe5 14.
Be2 b4 15. Qc2 Nh5 16. Bh4 Bf6 17. Bxf6 Nhxf6 18. c5 Nxc5 19. Rfc1 Nfd7 20. Nb3
Nxb3 21. Qxb3 c5 22. Bc4 {Khotenashvili,B (2504)-Cramling,P (2518) Beijing
2014 0-1 (69)}) 8. c3 a6 $146 {Prevents intrusion on b5} (8... O-O 9. Qe2 Re8
10. Bh2 Bf8 11. e4 e5 12. d5 a5 13. Bb5 Re7 14. a4 g6 15. g4 Bg7 16. Bg3 Nb8
17. Bd3 Ba6 18. Bxa6 Nxa6 19. Nh2 Nc5 20. h4 Qc8 21. f3 Qa6 22. Qxa6 Rxa6 23.
Ke2 {Rakhmanov,A (2473)-Kiselev,V (2277) playchess.com INT 2006 1-0 (100)}) (
8... c5 9. O-O $14) 9. O-O $16 c5 (9... O-O 10. e4 $14) 10. Qe2 (10. Ng5 O-O
$14) 10... b5 (10... Qc7 11. a4 $14) 11. e4 (11. a4 $5 c4 12. Bc2 $16) 11... c4
{Black gets more space} 12. Bc2 h6 {Secures g5} 13. e5 (13. b3 cxb3 14. axb3
Qc7 $16) 13... dxe5 $14 14. dxe5 Nd5 15. Bh2 O-O 16. Qe4 g6 17. Qg4 h5 {
Black threatens to win material: h5xg4} 18. Qg3 Kg7 (18... Nc5 $5 $11) 19. Nd4
Bg5 $4 (19... Nc5 $142 {and Black is still in the game} 20. Ne4 Nxe4 21. Bxe4
Qb6 $14) 20. h4 {Deflection: f8} Bxd2 (20... Bxh4 21. Nxe6+ {Deflection}) 21.
Nxe6+ $1 {Deflection: g6} Kh6 (21... fxe6 22. Qxg6+ {Mate attack Deflection})
22. Nxd8 Raxd8 23. e6 $1 {Deflection: g6} Bf4 (23... fxe6 24. Qxg6# {Mate
attack Deflection}) 24. Qf3 (24. Qxf4+ $142 {makes sure everything is clear}
Nxf4 25. Bxf4+ (25. exd7 $6 {is a weaker possibility} Ne2+ 26. Kh1 Rxd7 $14)
25... Kg7 26. e7 $18) 24... fxe6 25. Bxf4+ (25. Qe4 {seems even better} Bxh2+
26. Kxh2 Rf5 $18) 25... Rxf4 26. Qe2 e5 (26... Rxh4 27. Qxe6 Rg4 $18) 27. Rad1
Rxh4 (27... Kg7 $18 {the only chance to get some counterplay}) 28. Rxd5 $1 {
Decoy: d5} Bxd5 29. Qd2+ g5 (29... Rf4 {what else?} 30. g3 Nf6 31. gxf4 e4 $18)
30. Qxd5 Rg4 31. Bf5 (31. Qe6+ Kg7 32. Qe7+ Kg8 33. Qxd8+ Nf8 34. Qd5+ Ne6 35.
Qxe6+ Kf8 36. Bg6 Rf4 37. Rd1 b4 38. Rd7 Rxf2 39. Qe8#) 31... Rf4 32. Bxd7 (32.
Bxd7 Rdf8 33. Qxe5 $18) 1-0

[Event "Hokkaido Chess Championship 2025"]
[Site "?"]
[Date "2025.03.23"]
[Round "4.5"]
[White "Miyatani, Ryouhei"]
[Black "Takeuchi, Hiroshi"]
[Result "1-0"]
[WhiteElo "1672"]
[BlackElo "1629"]
[Annotator "Fritz 11 SE (30s)"]
[PlyCount "83"]
[EventDate "2025.03.22"]
[EventRounds "5"]
[EventCountry "JPN"]

{B08: Pirc Defence: Classical System} 1. e4 d6 2. d4 Nf6 3. Nc3 g6 4. Nf3 Bg7
5. Be2 O-O 6. O-O e5 7. dxe5 dxe5 8. Qxd8 Rxd8 9. Bg5 (9. Bc4 Re8 10. Ng5 Rf8
11. f4 Nbd7 12. Nb5 Ne8 13. f5 gxf5 14. Rxf5 c6 15. Bxf7+ Rxf7 16. Nxf7 cxb5
17. Nh6+ Kh8 18. Be3 a5 19. Nf7+ Kg8 20. Nh6+ Bxh6 21. Bxh6 Ra6 22. Bd2 Nd6 23.
Rg5+ Kf7 {Alvarez Fernandez,E (2355)-Navarrete Espi,S (2245) Linares 2014 1-0 
(49)}) 9... Re8 10. Rfd1 Bg4 (10... Bd7 11. Rd2 Bc6 12. Bxf6 Bxf6 13. Rad1 a5
14. Nd5 Bxd5 15. Rxd5 c6 16. Rd6 Kg7 17. c3 b5 18. g3 Ra7 19. Kg2 Rc7 20. a3
Be7 21. R6d2 f6 22. Ne1 Rcc8 23. b4 axb4 24. axb4 Rcd8 25. Ra2 {Sokolov,A 
(2600)-Khalifman,A (2530) Moscow 1988 1/2-1/2 (74)}) 11. Bxf6 $146 (11. h3 Bxf3
12. Bxf3 c6 13. Rd6 Nfd7 14. Rad1 Nc5 15. Rd8 {1/2-1/2 (15) Stohl,I (2600)
-Manik,M (2447) Presov 1999}) (11. h3 Bc8 $16) 11... Bxf6 $14 {Black has the
pair of bishops} 12. h3 {White threatens to win material: h3xg4} Be6 13. Nd5
Bxd5 14. Rxd5 ({Inferior is} 14. exd5 Nd7 $11) 14... Nc6 15. Bb5 Red8 (15...
Re6 16. Rd7 a6 17. Ba4 $14) 16. Bxc6 $16 bxc6 17. Rxd8+ (17. Rc5 Rab8 $16)
17... Rxd8 $14 18. Kf1 Bg7 19. Ke2 f6 {Covers g5} 20. Rd1 Rxd1 21. Kxd1 {
A minor pieces endgame occured} Kf7 22. Ke2 Bh6 23. Ne1 Ke6 24. Kd3 Bf8 25. Kc4
h6 26. Nd3 f5 27. f4 (27. Nc5+ $5 Ke7 28. b4 $16) 27... fxe4 $11 28. Nxe5 {
White forks: c6+g6} Kf5 29. Kd4 $4 {letting the wind out of his own sails} (29.
g3 c5 30. Ng4 c6 $11) 29... Bd6 (29... Bg7 $142 {would have given Black the
upper hand} 30. Ke3 Bxe5 31. fxe5 Kxe5 $19) 30. Nxc6 $11 Kxf4 31. Nxa7 (31. h4
$142 $11) 31... Kg3 $4 {Black threatens to win material: Kg3xg2. gives the
opponent counterplay} (31... Be5+ $142 32. Kc4 Bxb2 $17) 32. Nb5 Bf4 (32... e3
33. Kxe3 (33. Nxd6 $4 {would be gruesome error} e2 34. Ne4+ Kxg2 $19) 33...
Bc5+ 34. Ke4 $18) 33. Kxe4 g5 (33... Bd2 34. Nxc7 Kxg2 35. c4 $18) 34. a4 c6 $2
(34... c5 35. a5 Kxg2 36. h4 $18) 35. Nd4 Bc7 (35... Kxg2 36. a5 (36. Nxc6 $6
Kxh3 37. a5 Bc7 $18) 36... Bc7 37. b4 Kxh3 38. a6 $18) 36. Kf5 Kxg2 37. Kg4 Bf4
(37... c5 38. Nc6 Kf2 39. a5 $18) 38. Ne6 (38. a5 {might be the shorter path}
h5+ 39. Kxh5 Bc7 $18) 38... Bd2 (38... Be3 39. a5 Ba7 40. c3 $18) 39. c3 Be3 (
39... h5+ {cannot change destiny} 40. Kxh5 Kxh3 41. Nxg5+ Kg3 42. Ne4+ Kf4 43.
Nxd2 $18) 40. b4 (40. a5 Ba7 41. Nd4 $18) 40... h5+ (40... Bb6 $18 {is still a
small chance}) 41. Kxh5 Kxh3 (41... Ba7 {cannot change what is in store for
White} 42. a5 Kg3 43. Kxg5 $18) 42. Nxg5+ (42. Nxg5+ Kg3 43. Ne6 $18) 1-0